Lyrics So Far Away Avenged Sevenfold - Statistics

General Stats
  • This quiz has been taken 173 times
  • The average score is 228 of 311
Answer Stats
Lyrics % Correct
A
100%
a
100%
I
97%
away
92%
so
92%
So
92%
far
91%
you
90%
for
88%
but
87%
But
87%
Never
86%
never
86%
the
85%
The
85%
to
85%
To
85%
live
84%
with
83%
it
82%
It
82%
love
81%
on
81%
and
80%
And
80%
be
79%
broken
78%
Life
78%
my
78%
ones
78%
that
78%
Your
78%
your
78%
anything
77%
do
77%
Time
76%
time
76%
How
75%
mind
75%
without
75%
heart
74%
you're
74%
it's
73%
stay
73%
we
73%
all
72%
book
72%
could
72%
forever
72%
free
72%
have
72%
heal
72%
much
72%
Place
72%
place
72%
say
72%
of
71%
always
70%
see
69%
burned
68%
is
68%
me
68%
pages
68%
still
67%
Will
67%
feared
66%
way
66%
When
66%
when
66%
Where
66%
in
65%
I'm
63%
need
63%
shamed
63%
try
63%
turns
63%
can
60%
here
60%
are
59%
endlessly
59%
know
59%
we're
58%
what
58%
as
56%
pain
56%
ready
56%
I'll
55%
last
55%
not
55%
rest
55%
soon
54%
Lived
53%
others
53%
request
53%
song
53%
afraid
52%
beyond
52%
final
51%
gone
51%
chapter
50%
done
50%
laid
50%
hard
49%
Now
48%
Cause
47%
eternally
47%
find
47%
growing
47%
hands
47%
Lay
47%
old
47%
Sleep
47%
tried
47%
truth
46%
cold
45%
foolish
45%
lets
45%
perfect
45%
lies
44%
seems
44%
then
44%
tight
44%
healed
43%
hold
43%
invincible
42%
light
42%
strong
42%
futures
41%
left
41%
our
41%
untied
40%
awake
37%
rise
37%
urges
37%
remains
34%
turned
33%
Plans
30%
needed
8%
No matching quizzes found
Score Distribution
Percent of People with Each Score
Percentile by Number Answered
Your Score History
You have not taken this quiz